Minecraft Crops - Statistics

General Stats
  • This quiz has been taken 59 times
    31 since last reset
  • The average score is 15 of 30
Answer Stats
Answer % Correct
Carrot
100%
Potato
100%
Wheat
96%
Beetroot
88%
Melon
85%
Pumpkin
81%
Apple
65%
Sugar Cane
65%
Bamboo
58%
Sweet Berry
58%
Glow Berry
54%
Kelp
54%
Poisonous Potato
54%
Wheat Seeds
50%
Beetroot Seeds
42%
Brown Mushroom
42%
Chorus Fruit
42%
Cocoa Beans
42%
Melon Seeds
42%
Pumpkin Seeds
42%
Red Mushroom
42%
Cactus
35%
Crimson Fungus
31%
Nether Wart
31%
Warped Fungus
31%
Pitcher Plant
19%
Pitcher Pod
19%
Sea Pickle
19%
Torchflower
19%
Torchflower Seeds
19%
No matching quizzes found
Score Distribution
Percent of People with Each Score
Percentile by Number Answered
Your Score History
You have not taken this quiz since the last reset